Orientaciones 2000 para la supervisión técnico-pedagógica: educación rural
Αποθηκεύτηκε σε:
| Κύριος συγγραφέας: | |
|---|---|
| Μορφή: | Βιβλίο |
| Γλώσσα: | Ισπανικά |
| Έκδοση: |
Santiago
Ministerio de Educación
2000
|
| Θέματα: | |
| Ετικέτες: |
Προσθήκη ετικέτας
Δεν υπάρχουν, Καταχωρήστε ετικέτα πρώτοι!
|
MARC
| LEADER | 00000nam a2200000 a 4500 | ||
|---|---|---|---|
| 001 | UCO6501 | ||
| 003 | CL-VaPUC | ||
| 008 | 001020e20000100CL |||||||||||||||||spa|d | ||
| 082 | 0 | 4 | |a 371.2013 |b ALV |2 21 |
| 100 | 0 | |a Alvarez Viera, Carlos |e author |9 451163 | |
| 245 | 1 | 0 | |a Orientaciones 2000 para la supervisión técnico-pedagógica: educación rural |
| 300 | |a 30 p | ||
| 942 | |c BK | ||
| 945 | |d 20001020 00:00:00 |a cmena | ||
| 260 | |a Santiago |b Ministerio de Educación |c 2000 | ||
| 650 | 7 | |a SUPERVISION EDUCACIONAL |2 CL-VaPUC |9 341784 | |
| 650 | 7 | |a SUPERVISORES |2 CL-VaPUC |9 338460 | |
| 650 | 7 | |a INSPECCION EDUCACIONAL |2 CL-VaPUC |9 451164 | |
| 650 | 0 | |a Planificación de la educación |9 307333 | |
| 650 | 0 | |a Calidad de la educación |9 307271 | |
| 650 | 0 | |a Educación rural |9 308104 | |
| 583 | |a last modification |c 20001020 00:00:00 |k Rodrigo Vera | ||
| 999 | |c 291994 |d 291992 | ||
| 952 | |0 0 |1 0 |4 0 |6 371_201300000000000_ALV_2000 |7 0 |8 P |9 342397 |a BIBEDU |b BIBEDU |c BIBEDU_PB |d 2019-11-20 |i 3647587 |o 371.2013 ALV 2000 |p 3647587 |r 2024-01-25 |w 2019-11-20 |y BK |k BME | ||